00349nam a2200133Ia 4500008004100000082002300041100003400064245004300098250001100141260003700152300001000189365000800199542000800207220603s9999 xx 000 0 und d a610.73677bWIL/HOP aWilliams Linda & Hopper Paula aUnderstanding Medical Surgical Nursing a4th ed aNew DelhibJaypee Brothersc2012 a1459p bRs. bBSC